Statistics for What are the most populair countries?

Click here to take the quiz!

General Stats

  • This quiz has been taken 22 times
  • The average score is 8 of 14

Answer Stats

HintAnswer% Correct
Populair because..... YOUR GOING TO BRAZIL!brazil
85%
Populair because of how big it is.russia
85%
Populair because of how small it is.vatican
80%
Populair because of how much a joke it is.china
70%
Populair because of its culture.japan
70%
Populair because of its building.france
65%
Populair because of its weirdness.india
65%
Populair because of how hot it is there.spain
60%
Populair because of his neighbor.canada
55%
Populair because of its history.germany
50%
Populair because of..... TOP TO THE MORNING YA LADIES!ireland
45%
Populair because of its food.mexico
45%
Populair because of its accent.england
35%
Populair because of its junk food.america
30%

Score Distribution

Percentile by Number Answered

Percent of People with Each Score

Your Score History

You have not taken this quiz